| 000 | 00430nam a2200145 i 4500 | ||
|---|---|---|---|
| 001 | 85270 | ||
| 003 | ES-MaACL | ||
| 007 | t| | ||
| 008 | 041126s1976 xxu ||||1| eng d | ||
| 100 | 1 |
_aJordan, Bervely E. Francisca Krystina. _966903 |
|
| 245 | 1 | 0 |
_aLove, a symposium / _cBervely Francisca. |
| 260 |
_aLos Angeles (California) : _bNew Age Press, _c[1976] |
||
| 300 |
_aV, 78 p. ; _c18 cm. |
||
| 852 |
_aES-MaACL _jL-5528 _bR.105813 |
||
| 999 |
_c85270 _d85270 |
||